Normal view
MARC view
- Prakash B.A. (Editor)
Entry Corporate Name
001 - CONTROL NUMBER
- control field: 170208
003 - CONTROL NUMBER IDENTIFIER
- control field: OSt
005 - DATE AND TIME OF LATEST TRANSACTION
- control field: 20230313130509.0
008 - FIXED-LENGTH DATA ELEMENTS
- fixed length control field: 230313|| aca||aabn | a|a d
040 ## - CATALOGING SOURCE
- Original cataloging agency: OSt
- Transcribing agency: OSt
110 ## - HEADING--CORPORATE NAME
- Corporate name or jurisdiction name as entry element: Prakash B.A. (Editor)
670 ## - SOURCE DATA FOUND
- Source citation: Work cat.: (OSt)130863: Prakash B.A. (Editor) 170207, Indian Economy Since 1991, 2009